Regions of Finland - Map Quiz - Statistics

General Stats
  • This quiz has been taken 33 times
  • The average score is 11 of 19
Answers on the Map
Answers color-coded by a green-red scale on the quiz's map according to % correct below.
 
Answer Stats
Answer % Correct
Lapland
100%
Åland Islands
78%
Uusimaa
67%
Central Finland
61%
North Karelia
61%
Päijänne Tavastia
61%
Pirkanmaa
61%
Northern Ostrobothnia
56%
South Karelia
56%
Kainuu
50%
Kymenlaakso
50%
Satakunta
50%
Southern Ostrobothnia
50%
Finland Proper
44%
Northern Savonia
44%
Ostrobothnia
44%
Tavastia Proper
44%
Central Ostrobothnia
39%
Southern Savonia
33%
No matching quizzes found
Score Distribution
Percent of People with Each Score
Percentile by Number Answered
Your Score History
You have not taken this quiz